<?xml version="1.0" encoding="UTF-8"?>
<record
    xmlns:xsi="http://www.w3.org/2001/XMLSchema-instance"
    xsi:schemaLocation="http://www.loc.gov/MARC21/slim http://www.loc.gov/standards/marcxml/schema/MARC21slim.xsd"
    xmlns="http://www.loc.gov/MARC21/slim">

  <leader>01636    a2200193   4500</leader>
  <controlfield tag="001">48547</controlfield>
  <controlfield tag="005">20260407155750.0</controlfield>
  <controlfield tag="008">260407a1969    arg                 spa d</controlfield>
  <controlfield tag="003">AR-UNSa-BCEJYS</controlfield>
  <datafield tag="040" ind1=" " ind2=" ">
    <subfield code="a">AR-UNSa-BCEJYS</subfield>
    <subfield code="b">spa</subfield>
    <subfield code="c">AR-UNSa-BCEJYS</subfield>
  </datafield>
  <datafield tag="080" ind1=" " ind2=" ">
    <subfield code="a">338.2(82)</subfield>
    <subfield code="x">Pol&#xED;tica econ&#xF3;mica. Control de la econom&#xED;a. Gesti&#xF3;n de la econom&#xED;a. Planificaci&#xF3;n econ&#xF3;mica en Argentina</subfield>
  </datafield>
  <datafield tag="245" ind1="1" ind2="0">
    <subfield code="a">Pol&#xED;tica econ&#xF3;mica argentina y el M.C.E.</subfield>
  </datafield>
  <datafield tag="264" ind1=" " ind2="1">
    <subfield code="a">Buenos Aires :</subfield>
    <subfield code="b">Plus Ultra</subfield>
    <subfield code="c">1969</subfield>
  </datafield>
  <datafield tag="300" ind1=" " ind2=" ">
    <subfield code="a">177 p.</subfield>
    <subfield code="c">20 cm.</subfield>
  </datafield>
  <datafield tag="505" ind1=" " ind2=" ">
    <subfield code="a">1. Posici&#xF3;n econ&#xF3;mica Argentina y anexos - 2. Posici&#xF3;n pol&#xED;tica econ&#xF3;mica y social Americana y anexos - 3. Mercado com&#xFA;n Europeo - 4. An&#xE1;lisis comparativo de la producci&#xF3;n de la Rep&#xFA;blica Argentina y su colocaci&#xF3;n en el mercado Internacional y anexos - 5. Posici&#xF3;n Argentina frente al Reino Unido - 6. Espa&#xF1;a en el Mercado Argentino de carnes - 7. El mercado com&#xFA;n Europeo como meta de nuestras exportaciones de carne - 8. Crisis en el mercado com&#xFA;n Europeo. Posibilidades para la Rep&#xFA;blica Argentina. Devaluaci&#xF3;n de la libra esterlina - 9. Consecuencias sobre el mercado com&#xFA;n Europeo y anexos - 10. Posibilidades de la Rep&#xFA;blica Argentina frente a Francia - 11. Posici&#xF3;n Argentina frente a Italia - 12. Posici&#xF3;n Argentina frente a Alemania - 13. Posici&#xF3;n Argentina frente a Suiza - 14. Posici&#xF3;n Argentina frente al Mercado Com&#xFA;n Europeo y Anexos - 15. Pol&#xED;tica econ&#xF3;mica. Conclusi&#xF3;n - 16. El Reino Unido, econom&#xED;a y pol&#xED;tica - 17. Espa&#xF1;a, econom&#xED;a y pol&#xED;tica Y anexos. </subfield>
  </datafield>
  <datafield tag="942" ind1=" " ind2=" ">
    <subfield code="c">BK</subfield>
  </datafield>
  <datafield tag="590" ind1=" " ind2=" ">
    <subfield code="a">niveau_biblio:m niveau_hierar:0</subfield>
  </datafield>
  <datafield tag="100" ind1="1" ind2=" ">
    <subfield code="a">Acerbo, Antonio Alberto</subfield>
  </datafield>
  <datafield tag="999" ind1=" " ind2=" ">
    <subfield code="c">4615</subfield>
    <subfield code="d">4615</subfield>
  </datafield>
  <datafield tag="952" ind1=" " ind2=" ">
    <subfield code="0">0</subfield>
    <subfield code="1">0</subfield>
    <subfield code="4">0</subfield>
    <subfield code="7">0</subfield>
    <subfield code="a">BCEJYS</subfield>
    <subfield code="b">BCEJYS</subfield>
    <subfield code="c">16</subfield>
    <subfield code="d">2026-04-07</subfield>
    <subfield code="l">0</subfield>
    <subfield code="o">338.2(82) A173</subfield>
    <subfield code="p">L23774</subfield>
    <subfield code="r">2026-04-07 15:57:50</subfield>
    <subfield code="w">2026-04-07</subfield>
    <subfield code="y">L</subfield>
  </datafield>
  <datafield tag="952" ind1=" " ind2=" ">
    <subfield code="0">0</subfield>
    <subfield code="1">0</subfield>
    <subfield code="4">0</subfield>
    <subfield code="7">0</subfield>
    <subfield code="a">BCEJYS</subfield>
    <subfield code="b">BCEJYS</subfield>
    <subfield code="c">16</subfield>
    <subfield code="d">2026-04-07</subfield>
    <subfield code="l">0</subfield>
    <subfield code="o">338.2(82) A173</subfield>
    <subfield code="p">L23773</subfield>
    <subfield code="r">2026-04-07 15:57:50</subfield>
    <subfield code="w">2026-04-07</subfield>
    <subfield code="y">L</subfield>
  </datafield>
</record>
